| 000 | 00734nam a2200265 i 4500 | ||
|---|---|---|---|
| 001 | 000015902 | ||
| 003 | DO-SdBNP | ||
| 005 | 20230425091342.0 | ||
| 007 | ta | ||
| 008 | 100222s1999 dr 001 0 spa d | ||
| 020 | _a8493063800 | ||
| 040 |
_aDO-SdBNP _bspa _cBNPHU _erda |
||
| 049 | _aBNPD | ||
| 082 | 4 |
_bR426d _222 |
|
| 110 | 1 |
_aRepública Dominicana _9447 |
|
| 240 | 1 | 3 | _aLey de derecho de autor |
| 245 | 1 | 0 | _aLey 32-86 sobre derecho de autor y sus reglamentos/. |
| 264 |
_aSanto Domingo : _bCole, _c1999. |
||
| 300 |
_a54 páginas ; _c22 cm. |
||
| 336 |
_2rdacontent _atexto _btxt |
||
| 337 |
_2rdamedia _asin mediación _bn |
||
| 338 |
_2rdacarrier _avolumen _bnc |
||
| 590 | _aInventariado, 2023/BT | ||
| 942 |
_2ddc _cLBS1 |
||
| 999 |
_c15444 _d15444 |
||